les viandes préférées de français - Statistiques

Statistiques générales
  • Ce quiz a été pris 623 fois
  • Le résultat moyen est 6 sur 7
Statistiques - réponses
Hint Réponse % Correct
1 boeuf
99%
2 poulet
95%
3 porc
93%
5 agneau
77%
6 veau
73%
4 canard
63%
7 lapin
54%
Aucun quiz correspondant
Distribution des résultats
% des personnes avec chaque résultat
Percentile par nombre de réponses
Votre historique - résultats
Vous n’avez pas pris ce quiz